| 000 | 01075 a2200313 4500 | ||
|---|---|---|---|
| 999 |
_c200131163 _d30167 |
||
| 001 | 200131163 | ||
| 003 | TR-AnTOB | ||
| 005 | 20200504153954.0 | ||
| 008 | 140109s 201 nyu 001 0 | ||
| 020 | _a9780465031566 (hardcover : alk. paper) | ||
| 020 | _z9780465037810 (e-book) | ||
| 040 |
_aDLC _beng _dTR-AnTOB _erda _cTR-AnTOB |
||
| 041 | _aeng | ||
| 050 | 0 | 0 |
_aHN49.P6 _b.N35 2013 |
| 090 | _aHN49.P6 .N35 2013 | ||
| 100 | 1 |
_aNaím, Moisés _995277 |
|
| 245 | 1 | 4 |
_aThe end of power : _bfrom boardrooms to battlefields and churches to states, why being in charge isn’t what it used to be / _cNaím, Moisés. |
| 264 | _a©2013 | ||
| 264 | 1 |
_aNew York : _bBasic Books, A Member of the Perseus Books Group, _c[2013] |
|
| 300 |
_axiii, 306 pages ; _c25 cm |
||
| 336 |
_atext _2rdacontent _btxt |
||
| 337 |
_aunmediated _2rdamedia _bn |
||
| 338 |
_avolume _2rdacarrier _bnc |
||
| 504 | _aIncludes bibliographical references and index. | ||
| 650 | 0 |
_923791 _aPower (Social sciences) |
|
| 650 | 0 |
_aGüç (Sosyal bilimler) _923790 |
|
| 942 |
_cBK _2lcc |
||